1811 1203 1263 1605 1343 1320 1154 1959 1305 1642 1900 1209 1528 1544 1110 1513 1689 1787 1974 1814 1443 1563 1730 1323 1194 1177 1145 1539 1381 1166 1602 1412 1396 1242 1590 1687 1191 1631 1772 1956 1920 1060 1520 1738 1683 1392 1584 1575 1002 1350 1874 1626 1287 1986 1210 1024 1074 1194 1685 1495 1837 1652 1692 1401 1043 1287 1789 1983 1169 1134 1911 1510 1244 1580 1637 1297 1963 1894 1175 1349 1045 1136 1549 1910 1087 1098 1203 1983 1313 1377 1637 1423 1623 1254 1610 1017 1238 1489 1272 BCNSPRNW ULIB Ver.6.0+V

เปลี่ยนเป็นภาษาไทย

Change to English
 แสดงรายละเอียดบรรณานุกรม
  กลับหน้าหลัก

Brief Record : Get Marc (ISO 2709) : E-mail record : QR code < ปิดหน้าต่าง
LEADER : 00000nam 2200000uu 4500
001    13399123364
003     ULIB
008    140827s2548||||th 000 0 tha d
099    วจ WY18.8^bพ188ผ
100 0  พนมพร ยงทองมุก
245 00 ผลการใช้ระบบพยาบาลพี่เลี้ยงต่อความสุขและผลสัมฤทธิ์ทางการเรียนในหารฝึกปฏิบัติงานวิชา บริหารการพยาบาลของนักศึกษาพยาบาลชั้นปีที่ 4 วิทยาลัยพยาบาลบรมราชชนนี สระบุรี/^cพนมพร ยงทองมุก
260    วิทยาลัยพยาบาลบรมราชชนนี สระบุรี,^c2548
945    ^p0^l0^i020410
999    ^aเกษร โพธิ์สุวรรณ
รายการนี้ยังไม่มีแท็ก
คุณยังไม่ได้ล็อกอิน คุณสามารถมีกิจกรรมร่วมกับเว็บไซต์ได้ แต่ต้องล็อกอินก่อน ::
  ล็อกอิน

รายการสื่อสารสนเทศ

ลำดับที่ ประเภท เลขเรียก/บาร์โค้ด สถานที่ สถานะ
1. งานวิจัย
งานวิจัย
วจ WY18.8 พ188ผ ฉ.1 
  Barcode: 020410
ห้องสมุดวิทยาเขตสวรรค์ประชารักษ์
►วิจัย
บนชั้น

BibComment


ยังไม่เคยถูกคอมเมนท์

คอมเมนท์ทรัพยากรรายการนี้
  คอมเมนท์: ผลการใช้ระบบพยาบา..


 Copyright 2026. Bcnsprnw @Library